Theory and problems of Modern physics : (Record no. 180761)
[ view plain ]
| 000 -LEADER | |
|---|---|
| fixed length control field | 00973 a2200241 4500 |
| 003 - CONTROL NUMBER IDENTIFIER | |
| control field | NUST |
| 005 - DATE AND TIME OF LATEST TRANSACTION | |
| control field | 20221128132021.0 |
| 010 ## - LIBRARY OF CONGRESS CONTROL NUMBER | |
| LC control number | 79314904 |
| 020 ## - INTERNATIONAL STANDARD BOOK NUMBER | |
| International Standard Book Number | 071312704X : |
| 040 ## - CATALOGING SOURCE | |
| Transcribing agency | Nust |
| 082 00 - DEWEY DECIMAL CLASSIFICATION NUMBER | |
| Classification number | 530,GAU |
| 100 1# - MAIN ENTRY--PERSONAL NAME | |
| Personal name | Gautreau, Ronald |
| 9 (RLIN) | 103685 |
| 245 10 - TITLE STATEMENT | |
| Title | Theory and problems of Modern physics : |
| Remainder of title | Schaum's Outlines / |
| Statement of responsibility, etc. | Ronald Gautreau, William Savin |
| 250 ## - EDITION STATEMENT | |
| Edition statement | 2nd ed. |
| 260 ## - PUBLICATION, DISTRIBUTION, ETC. | |
| Place of publication, distribution, etc. | NY: |
| Name of publisher, distributor, etc. | Mcgraw Hill , |
| Date of publication, distribution, etc. | 1999. |
| 300 ## - PHYSICAL DESCRIPTION | |
| Extent | [10], 338p. : |
| Other physical details | ill. ; |
| Dimensions | 25 cm. |
| 505 ## - FORMATTED CONTENTS NOTE | |
| Formatted contents note | Part-1: The Special Theory Of Relativity (Page-3), Part-2: The Quantum Theory of Electromagnetic Radiation (Page-59), Part-3: Hydrogen like Atoms (Page-103), Part-4: Many-Electron Atoms (Page-135), Part-5: Nuclear Physics (Page-173), Part-6: Atomic Systems(Page-245), Appendix (Page-325). |
| 650 #0 - SUBJECT ADDED ENTRY--TOPICAL TERM | |
| Topical term or geographic name entry element | Atoms. |
| 9 (RLIN) | 10462 |
| 650 #0 - SUBJECT ADDED ENTRY--TOPICAL TERM | |
| Topical term or geographic name entry element | Nuclear physics. |
| 9 (RLIN) | 259 |
| 700 1# - ADDED ENTRY--PERSONAL NAME | |
| Personal name | McDonell, J. A., |
| 9 (RLIN) | 103686 |
| 700 1# - ADDED ENTRY--PERSONAL NAME | |
| Personal name | Spicer, Brian Milton, |
| Dates associated with a name | 1929- |
| 9 (RLIN) | 103687 |
| 942 ## - ADDED ENTRY ELEMENTS (KOHA) | |
| Source of classification or shelving scheme | |
| Koha item type | Book |
| Call number prefix | 530,GAU |
| Withdrawn status | Lost status | Source of classification or shelving scheme | Damaged status | Not for loan | Permanent Location | Current Location | Shelving location | Date acquired | Total Checkouts | Full call number | Barcode | Date last seen | Date last checked out | Price effective from | Koha item type | Public note |
|---|---|---|---|---|---|---|---|---|---|---|---|---|---|---|---|---|
| Military College of Signals (MCS) | Military College of Signals (MCS) | General Stacks | 12/12/2016 | 1 | 530,GAU | MCS28250 | 11/18/2022 | 11/04/2022 | 12/12/2016 | Book | Almirah No.15, Shelf No.2 |
